Filmy lat 90 według ich cieni - Statystyki

Ogólne statystyki
  • Ten quiz został rozwiązany 101 razy
  • Średni wynik to 8 z 12
Odpowiedzi na mapie
Odpowiedzi zakodowano w zielono-czerwonej skali na mapie do tego quizu, zgodnie z poniższymi procentami.
 
Statystyki odpowiedzi
Odpowiedź % Poprawnych
Jurassic Park
99%
Titanic
99%
Król lew
96%
Forrest Gump
93%
Krzyk
90%
Toy Story
74%
Edward Nożycoręki
73%
Pretty Woman
47%
Wśćiekłe psy
44%
Speed
30%
Matrix
27%
Stalowy gigant
14%
Nie znaleziono quizów pasujących do podanych kryteriów
Rozkład punktacji
Procent ludzi z każdym wynikiem
Percentyl według liczby udzielonych odpowiedzi
Twoja historia wyników
Nie rozwiązałeś tego quizu